Catalog

Record Details

Catalog Search



Rodičovstvo založené na dôvere : vzdelávacie moduly pre pedagógov, mediátorov a rodičov  Cover Image Book Book

Rodičovstvo založené na dôvere : vzdelávacie moduly pre pedagógov, mediátorov a rodičov / autori Miroslav Sklenka, Denisa Sklenková, Eva Končoková, Peter Repiský

Record details

  • Physical Description: 26 nečíslovaných listů : ilustrace
  • Publisher: Žiar nad Hronom : Škola dokorán, 2016

Available copies

  • 1 of 1 copy available at Common Catalog SPOK.

Holds

  • 0 current holds with 1 total copy.
Show Only Available Copies
Location Call Number / Copy Notes Barcode Shelving Location Status Due Date
Varianty IKV Sk 4605400605 Šafaříkova 17 - 5. patro, IKV Available -

LDR nam a22 i 4500
00131416
003CZ-PrJAB
00520190330110418.0
007ta
008 s xo e 000 0 slo
035 . ‡a(CZ-PrJAB)31415
040 . ‡aABH006 ‡bcze ‡erda
1001 . ‡aSklenka, Miroslav ‡4aut
24510. ‡aRodičovstvo založené na dôvere : ‡bvzdelávacie moduly pre pedagógov, mediátorov a rodičov / ‡cautori Miroslav Sklenka, Denisa Sklenková, Eva Končoková, Peter Repiský
264 1. ‡aŽiar nad Hronom : ‡bŠkola dokorán, ‡c2016
300 . ‡a26 nečíslovaných listů : ‡bilustrace
336 . ‡atext ‡btxt ‡2rdacontent
338 . ‡asvazek ‡bnc ‡2rdacarrier
6530 . ‡aprojekt Khetaun ‡aromská populace ‡arodinné prostředí ‡aučení ‡apracovní listy
7001 . ‡aSklenková, Denisa ‡4aut
7001 . ‡aKončoková, Eva ‡4aut
7001 . ‡aRepiský, Peter ‡4aut
910 . ‡aABH006
901 . ‡a31416 ‡b ‡c31416 ‡tbiblio

Additional Resources